000 01098nam a2200265 i 4500
001 124927
003 ES-MaACL
005 20250808010924.0
007 t|
008 070424s1933 sp ||||1| spa d
111 2 _aConferencia Internacional del Trabajo (
_n17ª.
_d1933.
_cGinebra)
_9164232
245 1 0 _aConferencia Internacional del Trabajo
_b: XVII reunión (junio de 1933).
260 _aMadrid :
_b[s.n.],
_c1933 (
_fImp. y Enc. de los Sobrinos de la Sucesora de M. Minuesa de los Ríos)
300 _a61 p. ;
_c20 cm.
490 1 _aPublicaciones del Instituto Nacional de Previsión ;
_v389
594 _aAcuerdos tomados en relación con los seguros de invalidez, vejez y muerte.
594 _aPrecede al tít.: Unificación de los seguros sociales.
650 4 _aSeguros.
_9136860
650 0 7 _aSeguros de vida
_2embne
_917028
650 _aSeguridad social.
_9136859
710 2 _aInstituto Nacional de Previsión (España)
_95180
830 1 _aPublicaciones del Instituto Nacional de Previsión ;
_v389
_9181151
852 _aES-MaACL
_jC-12661(5)
999 _c124927
_d124927